Регионална библиотека "Любен Каравелов" - Русе

Раждане на клиниката (Запис номер 4619)

MARC детайли
000 -Лидер
Контролно поле с фиксирана дължина 01492nam a2200361 a 4500
003 - Код на организацията, давaща контролен номер
Контролно поле BLK
005 - Дата и час на последна редакция
Контролно поле 20240201111610.0
008 - Елементи от данни с фиксирана дължина
fixed length control field 180412b bul|||||r ||||||| ||bul||
010 ## - Наследен системен номер
LC control number KNG00005771000
020 ## - Международен стандартен номер на книга ISBN
Международен стандартен номер на книга ISBN 954-07-0480-4
040 ## - Източник на каталожния запис
Идентификатор на билиотеката - собственик на записа BLK
041 ## - Код за език
Код за езика на текст/звукозапис или на отделно заглавие Български
Код за езика КДБФ Български
080 ## - УДК
Текстов определител УДК Медицина
УДК код - определител по УДК 61
УДК определител (091)
УДК - код + определител 61(091)
100 1# - Редна дума - Автор
Автор Фуко, Мишел
Авторска отговорност първи автор
R(LIN) 135114
139 ## - Редно поле
Редна дума Фуко, Мишел
Авторски знак Фук - Ф 90
245 10 - Сведения за заглавието
Заглавие Раждане на клиниката
Подзаглавни данни Археология на мед. поглед
Редно поле (дума) Мишел Фуко; прев. от фр. Владимир Николаев Градев; прев. от фр. Ирена Николова Кръстева.
257 ## - Страна на издаване
Страна на създаване/издаване Франция
260 ## - Област на издателските данни
Място на издаване, разпространение и проч. София
Име на издателя, разпространителя и проч. Унив. изд. Св. Климент Охридски
Година на издаване 1994
300 ## - Физическа характеристика
Страници 256 с.
Размери/Мащаб 22 см
380 ## - Жанр
Жанр Медицина
490 ## - СЕРИИ (Колекции)
Име на серия Библиотека Идеи
500 ## - Общи забележки
Забележка Ориг. загл. La naissance de la clinique / Michel Foucault. - 1 000 тир.
650 #4 - Допълнително описание по предмет – тема
Основно описание – тема или топоним Медицина - история
9 (RLIN) 248937
700 ## - Други автори (авторска отговорност)
Лично име Градев, Владимир Николаев
Дати, свързани с автора 1963-
9 (RLIN) 364730
700 1# - Други автори (авторска отговорност)
Лично име Кръстева, Ирена Николова
Автороска отговорност (Описва отношението между автора и произведението) прев. от фр.
9 (RLIN) 248936
852 ## - Местоположение
Форматна сигнатура Цб 180437
Фондова буква Хранилище
856 4# - Електронен адрес и достъп
Електронен формат pdf - файл
Път до файла /url/
856 4# - Електронен адрес и достъп
Електронен формат pdf - файл
Път до файла /url/
942 ## - АРТИКУЛИ
Вид на библиотечния материал Книги
Скрит в OPAC Не
Koha issues (borrowed), all copies 1
944 ## - СЪЗДАВАНЕ И РЕДАКЦИЯ на ЗАПИСА
Създаване/Редакция Създаване
Дата на регистрацията/редакция 15.01.2003
Служител, извършил регистрацията/редакцията 30534
Статус, дата на статуса Радостина Карадакова
944 ## - СЪЗДАВАНЕ И РЕДАКЦИЯ на ЗАПИСА
Създаване/Редакция Редакция
Дата на регистрацията/редакция 05.12.2016
Служител, извършил регистрацията/редакцията Кети_Илиева
999 ## - СИСТЕМНИ КОНТРОЛНИ НОМЕРА
Koha biblionumber 4619
Koha biblioitemnumber 4619
999 ## - СИСТЕМНИ КОНТРОЛНИ НОМЕРА
Koha biblioitemnumber 4619
Наличности
Код за отписване Код за изгубен артикул Източник на класификационната схема Код за повреда Коз за рестрикции Код за отдаване Артикулен № Име на библиотеката - собственик Име на библиотеката, в която се намира в момента Статус (Текущо местоположение) Дата на вписване в системата Местоположение - отдел Цена в лева Инвентарен номер Систематично азбучна сигнатура Баркод Номер на екземпляра Цена в евро Служебна бележка Служебен тип на артикула
  Не е изгубен Universal Decimal Classification Не е повреден без рестрикции ползва се в читалня 8242 Регионална библиотека "Любен Каравелов" Русе Регионална библиотека "Любен Каравелов" Русе Хранилище 2001-01-01 Хранилище 0.72 609851 Цб 180437 120000609851 1 0.37 Дост: Dp Вид: Д N: стар фонд Дата: 01.01.2001 Дата инв: 20.04.2015 Бележки инв: Цб2015 Книги
Изтеглен Не е изгубен Universal Decimal Classification Не е повреден без рестрикции заемане за дома 8243 Регионална библиотека "Любен Каравелов" Русе Регионална библиотека "Любен Каравелов" Русе Заемна - подръчен фонд 1994-01-01 Заемна - подръчен фонд 1.60 602328 Цб 180437 602328 2 0.82 Вид: Сф Дата: 01.01.1994 Дата инв: 02.02.2018 Бележки инв: П2018 Книги
  Не е изгубен Universal Decimal Classification Не е повреден без рестрикции заемане за дома 8244 Регионална библиотека "Любен Каравелов" Русе Регионална библиотека "Любен Каравелов" Русе Заемна - подръчен фонд 1994-01-01 Заемна - подръчен фонд 1.60 602629 П 61/Ф 90 120000602629 3 0.82 Вид: Сф Дата: 01.01.1994 Дата инв: 02.02.2018 Бележки инв: П2018 Книги
Vip Innovations Ltd, Rousse, Bulgaria 2025